ბათუმის შოთა რუსთაველის სახელმწიფო უნივერსიტეტის ბიბლიოთეკა

შიშის ძირითადი ფორმები / (ბიბ.ჩანაწერი № 62936)

000 -ლიდერი
ფიქსირებული სიგრძის საკონტროლო ველი 00983nam a22002297a 4500
003 - საკონტროლო ნომრის იდენტიფიკატორი
საკონტროლო ველი Ge_BSU
005 - ბოლო ოპერაციის თარიღი და დრო
საკონტროლო ველი 20250326160816.0
008 - ფიქსირებული სიგრძის მონაცემთა ელემენტები - ზოგადი ინფორმაცია
ფიქსირებული სიგრძის საკონტროლო ველი 250326s2016 ge ||||| |||| 00| 0 geo d
020 ## - წიგნის საერთაშორისო სტანდარტული ნომერი
International Standard Book Number 9789941934902
041 ## - ენის კოდი
Language code of text/sound track or separate title geo
080 ## - უნივერსალური ათობითი კლასიფიკაციის ინდექსი
Universal Decimal Classification number 159.97+616 რ-60
100 ## - მთავარი ჩანაწერი - პიროვნების სახელი
Personal name რიმანი, ფრიც
9 (RLIN) 16210
245 ## - ცნობა სათაურის შესახებ
Title შიშის ძირითადი ფორმები /
Statement of responsibility, etc ფრიც რიმანი; გერმანულიდან თარგმნა ნანა გოგოლაშვილმა; მთ. რედაქტორი მზია რაზმაძე ; დიზაინერი ზილკე ნერინგი.
264 ## - წარმოების, გამოცემის, დისტრიბუციის და სხვა ცნობები
გამოცემის, წარმოების, დისტრიბუციის... ადგილი თბილისი ,
გამოცემის, წარმოების, დისტრიბუციის... თარიღი 2016.
300 ## - ფიზიკური აღწერა
Extent 332 გვ. ;
Other physical details 20 სმ.
653 ## - INDEX TERM--UNCONTROLLED
Uncontrolled term ფობიები
653 ## - INDEX TERM--UNCONTROLLED
Uncontrolled term შიში
653 ## - INDEX TERM--UNCONTROLLED
Uncontrolled term ფსიქოანალიზი
653 ## - INDEX TERM--UNCONTROLLED
Uncontrolled term შიზოფრენია
653 ## - INDEX TERM--UNCONTROLLED
Uncontrolled term დეპრესია
942 ## - ADDED ENTRY ELEMENTS (KOHA)
Source of classification or shelving scheme
Koha item type წიგნი
ეგზემპლარები
ჩამოწერის სტატუსი დაკარგული ეგზემპლარის სტატუსი კლასიფიკაციის წყარო ან თაროზე გაწყობის სქემა დაზიანების სტატუსი არ გაიცემა მუდმივი მდებარეობა (დაცვის ადგილი) ამჟამინდელი ადგილსამყოფელი თაროზე განთავსების ადგილი შეძენის თარიღი ღირებულება, შესყიდვის ნორმალური ფასი სრული შენახვის შიფრი შტრიხკოდი ბოლო ოპერაციის თარიღი ეგზემპლარის მიმდევრობითი ნომერი (კეტერი?) Uniform Resource Identifier ფასის ძალაში შესვლის თარიღი ეგზემპლარის სახეობა საჯარო შენიშვნა
          ბათუმის შოთა რუსთაველის სახელმწიფო უნივერსიტეტის მთავარი ბიბლიოთეკა ბათუმის შოთა რუსთაველის სახელმწიფო უნივერსიტეტის მთავარი ბიბლიოთეკა წიგნსაცავი 2025-03-26 12.00 159.97+616 რ-60 70938 2025-03-26 70938 ნაჩუქარი 2025-03-26 წიგნი 12 ლ.